00000000nas 2200000za 4500
0019.855585
003CaOODSP
00520221107155332
007cr |||||||||||
008180420d19341936oncar p oss  f0###a0eng|d
040 |aCaOODSP|beng
041 |aeng|afre
043 |an-cn---
0861 |aCS47-204-PDF
24500|aSporting goods |h[electronic resource] = |bArticles de sport.
24611|aArticles de sport
260 |aOttawa : |bDominion Bureau of Statistics, Forestry Branch = Bureau fédéral de la statistique, Section forestière, |c[1935?-1937?]
310 |aAnnual
3620 |a1934-1936.
500 |aTitle from caption.
546 |aText in English and French.
69207|2gccst|aManufacturing industry
7101 |aCanada. |bDominion Bureau of Statistics. |bForestry Branch.
78000|tPreliminary report on the sporting goods industry in Canada |w(CaOODSP)9.855562
78500|tReport on the sporting goods industry in Canada |w(CaOODSP)9.855604
792 |tSporting goods |efre|w(CaOODSP)9.855589